Povinnosti zamestnávateľa, ktorý je platiteľom dane

Povinnosti zamestnávateľa, ktorý je platiteľom dane voči správcovi dane - daňovému úradu, vyplývajúce zo zákona č. 595/2003 Z.z. o dani z príjmov v znení neskorších predpisov. Zamestnávateľ plní rozhodujúce úlohy pri zdaňovaní príjmov plynúcich zamestnancom zo závislej činnosti.

Guardado en:
Detalles Bibliográficos
Autor principal: Jarinkovičová, Valéria
Formato: Capítulo de libro
Lenguaje:eslovaco
Materias:
Etiquetas: Agregar Etiqueta
Sin Etiquetas, Sea el primero en etiquetar este registro!

MARC

LEADER 00000naa a2200000 4500
001 0227500
005 20221104111119.6
041 0 |a slo 
044 |a SK 
245 1 0 |a Povinnosti zamestnávateľa, ktorý je platiteľom dane  |c Valéria Jarinkovičová 
520 |a Povinnosti zamestnávateľa, ktorý je platiteľom dane voči správcovi dane - daňovému úradu, vyplývajúce zo zákona č. 595/2003 Z.z. o dani z príjmov v znení neskorších predpisov. Zamestnávateľ plní rozhodujúce úlohy pri zdaňovaní príjmov plynúcich zamestnancom zo závislej činnosti. 
610 2 0 |a zamestnávatelia 
610 2 0 |a povinnosti zamestnávateľov 
610 2 0 |a zamestnanci 
610 2 0 |a dane z príjmov 
100 1 |a Jarinkovičová, Valéria